Stochastic filtering theory

Պահպանված է:
Մատենագիտական մանրամասներ
Հիմնական հեղինակ: Kallianpur, Gopinath (Հեղինակ)
Ձևաչափ: Գիրք
Լեզու:անգլերեն
Հրապարակվել է: Nueva York Springer-Verlag 1980
Շարք:Applications of Mathematics, 13
Խորագրեր:
Ցուցիչներ: Ավելացրեք ցուցիչ
Չկան պիտակներ, Եղեք առաջինը, ով նշում է այս գրառումը!

MARC

LEADER 00000nam a2200000 a 4500
001 UCP1048
003 CL-VaPUC
008 990326e19800000US |||||||||||||||||eng|d
082 0 4 |a 519.2  |b KAL  |2 21 
100 0 |a Kallianpur, Gopinath  |e author  |9 426791 
245 1 0 |a Stochastic filtering theory 
300 |a 316 p 
942 |c BK 
945 |d 19990326 00:00:00  |a crobeson 
260 |a Nueva York  |b Springer-Verlag  |c 1980 
650 0 |a Procesos estocásticos   |9 260364 
650 7 |a TEORIA DE LA PREDICCION  |2 CL-VaPUC  |9 270919 
650 7 |a FILTROS MATEMATICOS  |2 CL-VaPUC  |9 426792 
650 0 |a Espacio de Hilbert   |9 260141 
583 |a last modification  |c 19990326 00:00:00  |k Rodrigo Vera 
490 0 |a Applications of Mathematics, 13 
999 |c 279766  |d 279764 
952 |0 0  |1 0  |4 0  |6 519_200000000000000_KAL_1980  |7 0  |8 A  |9 319545  |a BIBGIM  |b BIBGIM  |d 2019-11-20  |i 1333763  |o 519.2 KAL 1980  |p 1333763  |r 2025-01-15  |w 2019-11-20  |y BK  |k EST 
952 |0 0  |1 0  |4 0  |6 519_200000000000000_KAL_1980  |7 0  |8 A  |9 319546  |a BIBGIM  |b BIBGIM  |d 2019-11-20  |i 1333771  |o 519.2 KAL 1980  |p 1333771  |r 2025-01-15  |w 2019-11-20  |y BK  |k EST